| 000 | 00506nam a2200181Ia 4500 | ||
|---|---|---|---|
| 999 |
_c14605 _d14605 |
||
| 003 | OSt | ||
| 005 | 20201116095306.0 | ||
| 008 | 190216s9999||||xx |||||||||||||| ||und|| | ||
| 020 | _a0230638430 | ||
| 040 | _coclc | ||
| 082 |
_a421.52 _bMOH/D |
||
| 100 |
_aMohan, Krishna _91477 |
||
| 245 | 0 |
_aDeveloping Communication Skills / _cKrishna Mohan |
|
| 260 |
_bMacmillan , _c2011. _aNew delhi: |
||
| 300 | _a388p | ||
| 650 | _aEnglish | ||
| 942 |
_cBK _2ddc _h421.52 _iMOH/D _k421.52 _mMOH/D |
||